| 000 | 00394nam a2200157Ia 4500 | ||
|---|---|---|---|
| 008 | 230312s9999||||xx |||||||||||||| ||und|| | ||
| 020 | _a81-7758-763-0 | ||
| 082 |
_a621.3815 _bFLO-D |
||
| 100 | _aFloyd;Thomas.L | ||
| 245 | 0 | _aDigital Fundamentals | |
| 260 |
_bDorling Kindersley _aIndia _c2005 |
||
| 300 | _a582 | ||
| 546 | _aEng. | ||
| 650 |
_aEngineering _vDigital Fundamentals |
||
| 942 | _cBK | ||
| 999 |
_c7099 _d7099 |
||